Mitigating Corruption in Government Security Forces (Record no. 352331)
[ view plain ]
| 000 -LEADER | |
|---|---|
| fixed length control field | 00698nam a2200133Ia 4500 |
| 008 - FIXED-LENGTH DATA ELEMENTS--GENERAL INFORMATION | |
| fixed length control field | 171212s9999 xx 000 0 und d |
| 020 ## - INTERNATIONAL STANDARD BOOK NUMBER | |
| International Standard Book Number | 9780833052582 |
| 100 ## - MAIN ENTRY--PERSONAL NAME | |
| Personal name | Asch, Beth J.;Burger, Nicholas;Fu, Mary Manqing |
| 245 ## - TITLE STATEMENT | |
| Statement of responsibility, etc | Asch, Beth J.;Burger, Nicholas;Fu, Mary Manqing |
| Title | Mitigating Corruption in Government Security Forces |
| Remainder of title | The Role of Institutions, Incentives, and Personnel Management in Mexico |
| 260 ## - PUBLICATION, DISTRIBUTION, ETC. (IMPRINT) | |
| Name of publisher, distributor, etc | RAND Corporation |
| Date of publication, distribution, etc | 2011 |
| 650 ## - SUBJECT ADDED ENTRY--TOPICAL TERM | |
| Topical term or geographic name as entry element | Management & Organizational Behavior |
| 650 ## - SUBJECT ADDED ENTRY--TOPICAL TERM | |
| Topical term or geographic name as entry element | Police -- Mexico -- Personnel management; Police administration -- Mexico; Police corruption -- Mexico; Police -- Government policy -- Mexico |
| 856 ## - ELECTRONIC LOCATION AND ACCESS | |
| Uniform Resource Identifier | <a href="www.jstor.org/stable/10.7249/tr906rc">www.jstor.org/stable/10.7249/tr906rc</a> |
| Withdrawn status | Lost status | Damaged status | Home library | Current library | Date acquired | Total Checkouts | Full call number | Date last seen | Price effective from | Koha item type |
|---|---|---|---|---|---|---|---|---|---|---|
| College Library | College Library | 12/12/2017 | HV8160.A3A82 2011 | 12/12/2017 | 12/12/2017 | Curriculum - Based eBooks |